Environmental biotechnology : basic concepts and applications (Record no. 32311)

MARC details
000 -LEADER
fixed length control field 00457nam a22001457a 4500
003 - CONTROL NUMBER IDENTIFIER
control field OSt
005 - DATE AND TIME OF LATEST TRANSACTION
control field 20220308121507.0
008 - FIXED-LENGTH DATA ELEMENTS--GENERAL INFORMATION
fixed length control field 220308b |||||||| |||| 00| 0 eng d
020 ## - INTERNATIONAL STANDARD BOOK NUMBER
International Standard Book Number 9789380578477
040 ## - CATALOGING SOURCE
Transcribing agency HU
245 ## - TITLE STATEMENT
Title Environmental biotechnology : basic concepts and applications
Statement of responsibility, etc. Thakur, Indu Shekar
260 ## - PUBLICATION, DISTRIBUTION, ETC.
Place of publication, distribution, etc. New Delhi
Name of publisher, distributor, etc. I.K International Publishing House Pvt. .Ltd.
Date of publication, distribution, etc. 2011
300 ## - PHYSICAL DESCRIPTION
Extent xviii,516. index p
Other physical details pc
Dimensions 25
942 ## - ADDED ENTRY ELEMENTS (KOHA)
Source of classification or shelving scheme Dewey Decimal Classification
Koha item type Books like text book referance book
Suppress in OPAC No
Holdings
Withdrawn status Lost status Source of classification or shelving scheme Damaged status Not for loan Collection code Home library Current library Shelving location Date acquired Full call number Barcode Date last seen Copy number Price effective from Koha item type Total Checkouts
    Dewey Decimal Classification     Reference Wondo Genet Library Wondo Genet Library General Stacks 03/08/2022 660.63 SHE 2011 WGCFNRL00012601 03/08/2022 1 03/08/2022 Books like text book referance book  
    Dewey Decimal Classification       Wondo Genet Library Wondo Genet Library   03/17/2022 660.63 SHE 2011 WGCFNRL00012602 03/17/2022 2 03/17/2022 Books like text book referance book  
    Dewey Decimal Classification     Non-fiction Wondo Genet Library Wondo Genet Library General Stacks 03/17/2022 660.63 SHE 2011 WGCFNRL00013614 03/17/2022 3 03/17/2022 Books like text book referance book  
    Dewey Decimal Classification     Non-fiction Wondo Genet Library Wondo Genet Library General Stacks 03/17/2022 660.63 SHE 2011 WGCFNRL00013615 03/17/2022 4 03/17/2022 Books like text book referance book  
    Dewey Decimal Classification     Non-fiction Wondo Genet Library Wondo Genet Library General Stacks 03/17/2022 660.63 SHE 2011 WGCFNRL00013616 03/17/2022 5 03/17/2022 Books like text book referance book